Capítulos de El Señor de los Anillos - Estadísticas

Estadísticas generales
  • Esta prueba ha sido intentada 112 veces
  • La puntuación promedio es 32 de 62
Estadísticas de respuestas
Capítulo % Correcto
4 Bárbol
68%
7 El Abismo de Helm
66%
2 El Concilio de Elrond
66%
6 Lothlórien
66%
10 Trancos
66%
6 El Bosque Viejo
63%
3 Tres es compañía
63%
11 Un cuchillo en la oscuridad
63%
7 El Espejo de Galadriel
61%
9 Los Puertos Grises
61%
9 El Antro de Ella-Laraña
58%
11 El Palantir
58%
5 El puente de Khazad-dûm
58%
1 Minas Tirith
58%
1 Muchos encuentros
58%
1 Una reunión muy esperada
58%
3 El Anillo va hacia el sur
55%
3 El Monte del Destino
55%
8 El saneamiento de la Comarca
55%
12 Huyendo hacia el vado
55%
10 La disolución de la comunidad
55%
2 La sombra del pasado
55%
9 Bajo la enseña del Poney Pisador
53%
9 El Río Grande
53%
1 La partida de Boromir
53%
8 Niebla en las Quebradas de los Túmulos
53%
4 Un atajo hacia los hongos
53%
3 El Acantonamiento de Rohan
50%
6 El Estanque Vedado
50%
5 El Senescal y el Rey
50%
7 En casa de Tom Bombadil
50%
6 La batalla de los campos del Pelennor
50%
10 La Puerta Negra se abre
50%
8 Las Casas de Curación
50%
8 Las Escaleras de Cirith Ungol
50%
10 La voz de Saruman
50%
8 Adiós a Lórien
47%
5 El Caballero Blanco
47%
4 Hierbas aromáticas y guiso de conejo
47%
7 La Pira de Denethor
47%
3 La Puerta Negra está cerrada
47%
2 Los Jinetes de Rohan
47%
3 Los Uruk-hai
47%
6 Numerosas separaciones
47%
9 Restos y despojos
47%
4 Un viaje en la oscuridad
47%
5 Conspiración desenmascarada
45%
2 El País de la Sombra
45%
6 El Rey del Castillo de Oro
45%
5 La Cabalgata de los rohirrim
45%
10 Las decisiones de maese Samsagaz
45%
1 La Torre de Cirith Ungol
45%
1 Sméagol domado
45%
5 Una ventana al oeste
45%
8 El camino de Isengard
42%
2 El paso de la Compañía Gris
42%
4 El Sitio de Gondor
42%
2 A través de las ciénagas
39%
9 La última deliberación
39%
7 Rumbo a casa
39%
7 Viaje a la Encrucijada
39%
4 El Campo de Cormallen
34%
No se encontraron pruebas coincidentes
Distribución de puntuación
Porcentaje de gente con cada puntuación
Porcentaje por número respondido
Historial de tus puntuaciones
No has intentado esta prueba.